[Event "Hessen-ch Seniors op 11th"]
[Site "Bad Sooden-Allendorf"]
[Date "2015.05.12"]
[Round "4"]
[White "Marinoni, Rainer"]
[Black "Hespers, Rolf"]
[Result "0-1"]
[WhiteElo "1436"]
[BlackElo "1743"]
[PlyCount "80"]
[EventDate "2015.05.09"]
[EventType "swiss"]
[EventRounds "9"]
[EventCountry "GER"]
[SourceTitle "EXT 2018"]
[Source "ChessBase"]
[SourceDate "2017.10.13"]
[SourceVersion "1"]
[SourceVersionDate "2017.10.13"]
[SourceQuality "1"]

1. e4 e5 2. Nf3 Nc6 3. Bc4 Bc5 4. d4 Bxd4 5. 0-0 Nf6 6. Nxd4 Nxd4 7. c3 Nc6 8. f4 d6 9. Bb3 Bg4 10. Qe1 Bd7 11. Nd2 Qe7 12. Nc4 h6 13. Ne3 0-0-0 14. Nd5 Nxd5 15. exd5 Na5 16. Qf2 b6 17. f5 f6 18. Bc2 Bb5 19. Re1 Rdg8 20. b4 Nb7 21. a4 Be8 22. a5 Bb5 23. axb6 axb6 24. c4 Bxc4 25. Ra8+ Kd7 26. Ba4+ c6 27. Bxc6+ Kc7 28. Ra7 Rb8 29. Qf4 b5 30. Qd4 Qf7 31. Qa1 Bxd5 32. Qa5+ Kc8 33. Qxb5 Bxc6 34. Qxc6+ Qc7 35. Qd5 Re8 36. Bd2 Kd7 37. Rc1 Qb6+ 38. Rc5 Qxa7 39. Qc6+ Ke7 40. Kf1 dxc5 0-1

[Event "Hessen-ch Seniors op 11th"]
[Site "Bad Sooden-Allendorf"]
[Date "2015.05.11"]
[Round "3"]
[White "Roggenbach, Ottomar"]
[Black "Marinoni, Rainer"]
[Result "1-0"]
[WhiteElo "1819"]
[BlackElo "1436"]
[PlyCount "48"]
[EventDate "2015.05.09"]
[EventType "swiss"]
[EventRounds "9"]
[EventCountry "GER"]
[SourceTitle "EXT 2018"]
[Source "ChessBase"]
[SourceDate "2017.10.13"]
[SourceVersion "1"]
[SourceVersionDate "2017.10.13"]
[SourceQuality "1"]

1. e4 e5 2. Nf3 Nc6 3. d4 exd4 4. Bc4 d5 5. Bxd5 Nf6 6. Bxc6+ bxc6 7. e5 Ng4 8. h3 Bb4+ 9. c3 dxc3 10. Qxd8+ Kxd8 11. bxc3 Nxf2 12. Kxf2 Bc5+ 13. Be3 Bxe3+ 14. Kxe3 h6 15. Rd1+ Ke7 16. Na3 Rb8 17. Rd2 Bb7 18. Rad1 Rhd8 19. Rxd8 Rxd8 20. Rxd8 Kxd8 21. Kd4 Ke7 22. Nc4 Ke6 23. Kc5 f6 24. Nd4+ Kd7 1-0

[Event "Hessen-ch Seniors op 11th"]
[Site "Bad Sooden-Allendorf"]
[Date "2015.05.09"]
[Round "1"]
[White "Walther, Gerd"]
[Black "Marinoni, Rainer"]
[Result "1/2-1/2"]
[WhiteElo "1925"]
[BlackElo "1436"]
[PlyCount "61"]
[EventDate "2015.05.09"]
[EventType "swiss"]
[EventRounds "9"]
[EventCountry "GER"]
[SourceTitle "EXT 2018"]
[Source "ChessBase"]
[SourceDate "2017.10.13"]
[SourceVersion "1"]
[SourceVersionDate "2017.10.13"]
[SourceQuality "1"]

1. d4 g6 2. Nf3 Bg7 3. c3 d5 4. Bf4 Nc6 5. Nbd2 b5 6. e3 a6 7. Bd3 Nf6 8. e4 dxe4 9. Nxe4 Nd5 10. Bg3 0-0 11. 0-0 Rb8 12. a3 Bg4 13. h3 Bh5 14. Be2 Bh6 15. Nc5 Bf4 16. Nxa6 Rb6 17. Bxf4 Nxf4 18. Nc5 e5 19. g4 Nxh3+ 20. Kh2 Bxg4 21. Nxe5 Nxf2 22. Rxf2 Qh4+ 23. Kg1 Qg3+ 24. Rg2 Qe3+ 25. Kh1 Bf5 26. Qg1 Qxg1+ 27. Kxg1 Nxe5 28. dxe5 Re8 29. Nd3 Rbe6 30. Rf1 Bh3 31. Re1 1/2-1/2

[Event "Hessen-ch Seniors op 08th"]
[Site "Bad Sooden-Allendorf"]
[Date "2012.04.18"]
[Round "5"]
[White "Marinoni, Rainer"]
[Black "Hopp, Barbara"]
[Result "0-1"]
[WhiteElo "1440"]
[BlackElo "1747"]
[PlyCount "64"]
[EventDate "2012.04.14"]
[EventType "swiss"]
[EventRounds "9"]
[EventCountry "GER"]
[SourceTitle "EXT 2019"]
[Source "ChessBase"]
[SourceDate "2018.10.10"]
[SourceVersion "1"]
[SourceVersionDate "2018.10.10"]
[SourceQuality "1"]

1. e4 c5 2. Nf3 a6 3. g3 Nc6 4. Bg2 e6 5. d3 Be7 6. 0-0 Bf6 7. Nbd2 d6 8. c3 Nge7 9. Ne1 0-0 10. f4 Rb8 11. Ndf3 Ng6 12. Nc2 b5 13. Ng5 h6 14. Nh3 Bb7 15. Qh5 Nce7 16. Be3 Qc8 17. Nf2 Nc6 18. Ng4 Qd8 19. Rad1 Qe7 20. Bh3 Bc8 21. Bg2 Bd7 22. f5 exf5 23. exf5 Nge5 24. Bxh6 Nxg4 25. Rde1 Nce5 26. Bf4 Qd8 27. d4 cxd4 28. cxd4 Nd3 29. Re2 Ngf2 30. Bxd6 Bxf5 31. Bxf8 Bg6 32. Qc5 Nxc5 0-1

[Event "Hessen-ch Seniors op 05th"]
[Site "Bad Sooden-Allendorf"]
[Date "2009.05.02"]
[Round "8"]
[White "Donner, Ernst"]
[Black "Marinoni, Rainer"]
[Result "0-1"]
[WhiteElo "1406"]
[BlackElo "1142"]
[PlyCount "61"]
[EventDate "2009.04.25"]
[EventType "swiss"]
[EventRounds "9"]
[EventCountry "GER"]
[SourceTitle "EXT 2022"]
[Source "ChessBase"]
[SourceDate "2021.10.06"]
[SourceVersion "1"]
[SourceVersionDate "2021.10.06"]
[SourceQuality "1"]

1. e4 e5 2. Nc3 Nc6 3. Nf3 Bc5 4. g3 Nf6 5. Bg2 0-0 6. 0-0 d6 7. d3 Be6 8. Bg5 Qe7 9. a3 h6 10. Bxf6 Qxf6 11. Na4 Bb6 12. b4 Bg4 13. c4 a6 14. Nxb6 cxb6 15. h3 Bxf3 16. Bxf3 Nd4 17. Kg2 Qe6 18. Re1 f5 19. Ra2 Qg6 20. exf5 Qxf5 21. Bd5+ Kh8 22. Be4 Qg5 23. h4 Qf6 24. Rf1 g5 25. hxg5 Qxg5 26. Rh1 Rf6 27. Rh4 Raf8 28. f3 Nf5 29. Bxf5 Rxf5 30. Rf2 R8f6 31. Qe2 0-1